Numerical methods for grid equations (Record no. 11294)

MARC details
000 -LEADER
fixed length control field 00832nam a2200229Ia 4500
003 - CONTROL NUMBER IDENTIFIER
control field IN-BaIIA
008 - FIXED-LENGTH DATA ELEMENTS--GENERAL INFORMATION
fixed length control field 211028s9999 xx 000 0 eng d
020 ## - INTERNATIONAL STANDARD BOOK NUMBER
International Standard Book Number 3-7643-2278-0
040 ## - CATALOGING SOURCE
Transcribing agency IIA Library
080 ## - UNIVERSAL DECIMAL CLASSIFICATION NUMBER
Universal Decimal Classification number 517.958
Item number SAM
100 ## - MAIN ENTRY--PERSONAL NAME
Personal name Samarskii, Aleksandr
9 (RLIN) 19364
245 #0 - TITLE STATEMENT
Title Numerical methods for grid equations
Remainder of title vol. II, iterative methods, translated from the Russian by Siephen G. Nash
Statement of responsibility, etc. Aleksandr Samarskii and Evgenii S. Nikolaev
260 ## - PUBLICATION, DISTRIBUTION, ETC.
Place of publication, distribution, etc. Germany
Name of publisher, distributor, etc. Birkhauser-Verlag
Date of publication, distribution, etc. 1989
300 ## - PHYSICAL DESCRIPTION
Extent xv, 502p
650 ## - SUBJECT ADDED ENTRY--TOPICAL TERM
Topical term or geographic name entry element Astronomy and Astrophysics Thesaurus
650 ## - SUBJECT ADDED ENTRY--TOPICAL TERM
Topical term or geographic name entry element Differential Equations
9 (RLIN) 1510
650 ## - SUBJECT ADDED ENTRY--TOPICAL TERM
Topical term or geographic name entry element Finite Differences
9 (RLIN) 17124
650 ## - SUBJECT ADDED ENTRY--TOPICAL TERM
Topical term or geographic name entry element Mathematical Physics
9 (RLIN) 1525
650 ## - SUBJECT ADDED ENTRY--TOPICAL TERM
Topical term or geographic name entry element Numerical Methods
9 (RLIN) 5657
700 ## - ADDED ENTRY--PERSONAL NAME
Personal name Nikolaev, Evgenii S.
9 (RLIN) 19365
942 ## - ADDED ENTRY ELEMENTS (KOHA)
Koha item type Books
Holdings
Withdrawn status Lost status Damaged status Not for loan Home library Current library Shelving location Date acquired Cost, normal purchase price Total Checkouts Full call number Barcode Date last seen Cost, replacement price Price effective from Koha item type Purchase Price
        IIA Library-Bangalore IIA Library-Bangalore General Stacks 20/03/1995 10662.40   517.958/ SAM 12209 05/11/2021 10662.40 20/03/1995 Books Rs. 10662.40/ vol. set

Powered by Koha